000 00835nam a2200241Ia 4500
003 OSt
005 20221005112202.0
006 a|||||r|||| 00| 0
007 ta
008 221004b |||||||| |||| 00| 0 pan d
020 _c150
024 _a105442
037 _b7830/VIII, 31/01/2011, Arsee Publishers
_cTextual
040 _aCRL
_cCRL
_bpan
041 _2pan
_apan
082 _aQ8441:33:g, 153P6
100 _aਬਲਜੀਤ ਕੌਰ
245 0 _aਨਾਨਕ ਬਾਣੀ ਦਾ ਬਦ ੑ ਚਿੰਤਨ
260 _aਅੰਮ੍ਰਿਤਸਰ
_bਨਾਨਕ ਸਿੰਘ ਪੁਸਤਕ ਮਾਲਾ ਭਾਰਤ
_c2006
300 _a128ਪੰ
_ccm.
942 _hQ8441:33:g, 153P6
_cTEXL
_2cc
999 _c1024112
_d1024112